My journey from Marxism-Leninism to Nehruvian socialism: Some memoirs and reflections on inclusive growth (Record no. 27003)

MARC details
000 -LEADER
fixed length control field 00525nam a2200169Ia 4500
008 - FIXED-LENGTH DATA ELEMENTS--GENERAL INFORMATION
fixed length control field 230917s9999||||xx |||||||||||||| ||und||
020 ## - ISBN
Price RS1295
040 ## - CATALOGING SOURCE
-- 248017
Original cataloging agency VIVEKANANDA LIBRARY
041 ## - Language
-- English
082 ## - DDC NUMBER
Classification number B R18M
100 ## - MAIN ENTRY--PERSONAL NAME
Personal name Rao, C H Hanumantha
245 #0 - TITLE STATEMENT
Title My journey from Marxism-Leninism to Nehruvian socialism: Some memoirs and reflections on inclusive growth
260 ## - PUBLICATION, DISTRIBUTION, ETC. (IMPRINT)
Place of publication, distribution, etc New Delhi
Name of publisher, distributor, etc Academic Foundation
Date of publication, distribution, etc 2018
300 ## - PHYSICAL DESCRIPTION
Pages 309 p.
500 ## - GENERAL NOTE
General note 3147 04/06/2018 RK18/505 04/06/2018 Main Budget
942 ## - ADDED ENTRY ELEMENTS (KOHA)
Koha item type Books
Holdings
Withdrawn status Lost status Damaged status Not for loan Location (home branch) Sublocation or collection (holding branch) Date acquired Koha issues (times borrowed) Koha full call number Accession No. Koha date last seen Koha item type
        VIVEKANANDA LIBRARY VIVEKANANDA LIBRARY 05/07/2018   B R18M 373488 17/09/2023 Books
        VIVEKANANDA LIBRARY VIVEKANANDA LIBRARY 05/07/2018   B R18M 373489 17/09/2023 Books
        VIVEKANANDA LIBRARY VIVEKANANDA LIBRARY 05/07/2018   B R18M 373490 17/09/2023 Books
© Designed and Maintained by Vivekananda Library, MDU Rohtak